<?xml version="1.0" encoding="UTF-8"?>
<record
    xmlns:xsi="http://www.w3.org/2001/XMLSchema-instance"
    xsi:schemaLocation="http://www.loc.gov/MARC21/slim http://www.loc.gov/standards/marcxml/schema/MARC21slim.xsd"
    xmlns="http://www.loc.gov/MARC21/slim">

  <leader>01509nam a22003258  4500</leader>
  <controlfield tag="001">37466</controlfield>
  <controlfield tag="003">UkOxU</controlfield>
  <controlfield tag="005">20211209052619.0</controlfield>
  <controlfield tag="008">150120s1988    enka          100 0 eng d</controlfield>
  <datafield tag="020" ind1=" " ind2=" ">
    <subfield code="a">1851480226</subfield>
  </datafield>
  <datafield tag="035" ind1=" " ind2=" ">
    <subfield code="a">1851480226</subfield>
  </datafield>
  <datafield tag="040" ind1=" " ind2=" ">
    <subfield code="a">BD-RjUL</subfield>
    <subfield code="b">eng</subfield>
    <subfield code="c">BD-RjUL</subfield>
  </datafield>
  <datafield tag="041" ind1=" " ind2=" ">
    <subfield code="a">eng</subfield>
  </datafield>
  <datafield tag="082" ind1=" " ind2=" ">
    <subfield code="a">631.53</subfield>
    <subfield code="2">19</subfield>
    <subfield code="b">GEN 1988</subfield>
  </datafield>
  <datafield tag="111" ind1="2" ind2=" ">
    <subfield code="a">International Symposium on Genetic Manipulation in Crops</subfield>
    <subfield code="d">(1984 :</subfield>
    <subfield code="c">Beijing, China)</subfield>
    <subfield code="9">115058</subfield>
  </datafield>
  <datafield tag="245" ind1="1" ind2="0">
    <subfield code="a">Genetic manipulation in crops :</subfield>
    <subfield code="b">proceedings of the International Symposium on Genetic Manipulation in Crops ; the 3rd International Symposium on Haploidy ; the 1st International Symposium on Somatic Cell Genetics in Crops, Beijing, October 1984</subfield>
  </datafield>
  <datafield tag="260" ind1=" " ind2=" ">
    <subfield code="a">London :</subfield>
    <subfield code="b">Published for the International Rice Research Institute and Academia Sinica by Cassell Tycooly,</subfield>
    <subfield code="c">1988</subfield>
  </datafield>
  <datafield tag="300" ind1=" " ind2=" ">
    <subfield code="a">446 p. :</subfield>
    <subfield code="b">ill. ;</subfield>
    <subfield code="c">25 cm</subfield>
  </datafield>
  <datafield tag="490" ind1="1" ind2=" ">
    <subfield code="a">Natural resources and the environment series ;</subfield>
    <subfield code="v">v. 22</subfield>
  </datafield>
  <datafield tag="500" ind1=" " ind2=" ">
    <subfield code="a">A Cassell Tycooly book</subfield>
  </datafield>
  <datafield tag="650" ind1=" " ind2="0">
    <subfield code="a">Crops</subfield>
    <subfield code="x">Genetic engineering</subfield>
    <subfield code="x">Congresses</subfield>
    <subfield code="9">115059</subfield>
  </datafield>
  <datafield tag="650" ind1=" " ind2="0">
    <subfield code="a">Plant mutation breeding</subfield>
    <subfield code="x">Congresses</subfield>
    <subfield code="9">115060</subfield>
  </datafield>
  <datafield tag="830" ind1=" " ind2="0">
    <subfield code="v">v. 22</subfield>
    <subfield code="9">115061</subfield>
  </datafield>
  <datafield tag="710" ind1="2" ind2=" ">
    <subfield code="a">International Rice Research Institute.</subfield>
    <subfield code="9">115062</subfield>
  </datafield>
  <datafield tag="711" ind1="0" ind2=" ">
    <subfield code="a">International Symposium on Haploidy</subfield>
    <subfield code="n">(3rd :</subfield>
    <subfield code="d">1984 :</subfield>
    <subfield code="c">Beijing, China)</subfield>
    <subfield code="9">115063</subfield>
  </datafield>
  <datafield tag="711" ind1="0" ind2=" ">
    <subfield code="a">International Symposium on Somatic Cell Genetics in Crops</subfield>
    <subfield code="n">(1st :</subfield>
    <subfield code="d">1984 :</subfield>
    <subfield code="c">Beijing, China)</subfield>
    <subfield code="9">115064</subfield>
  </datafield>
  <datafield tag="830" ind1=" " ind2="0">
    <subfield code="a">Natural resources and the environment series ;</subfield>
    <subfield code="9">115065</subfield>
  </datafield>
  <datafield tag="942" ind1=" " ind2=" ">
    <subfield code="2">ddc</subfield>
    <subfield code="c">BK</subfield>
  </datafield>
  <datafield tag="999" ind1=" " ind2=" ">
    <subfield code="c">37466</subfield>
    <subfield code="d">37466</subfield>
  </datafield>
  <datafield tag="952" ind1=" " ind2=" ">
    <subfield code="0">0</subfield>
    <subfield code="1">0</subfield>
    <subfield code="2">ddc</subfield>
    <subfield code="4">0</subfield>
    <subfield code="7">1</subfield>
    <subfield code="a">IBSc</subfield>
    <subfield code="b">IBSc</subfield>
    <subfield code="c">Stack</subfield>
    <subfield code="d">2015-01-20</subfield>
    <subfield code="l">0</subfield>
    <subfield code="o">631.53 GEN 1988</subfield>
    <subfield code="r">2015-01-20 00:00:00</subfield>
    <subfield code="t">C-1</subfield>
    <subfield code="w">2015-01-20</subfield>
    <subfield code="y">BK</subfield>
  </datafield>
</record>
